[Event "Madrid San Viator op 24th"]
[Site "Madrid"]
[Date "2015.05.17"]
[Round "7"]
[White "Ortega Palacios, Alejandro"]
[Black "Montero Montero, Juan Jose"]
[Result "1/2-1/2"]
[WhiteElo "1524"]
[BlackElo "1732"]
[PlyCount "115"]
[EventDate "2015.03.22"]
[EventType "swiss"]
[EventRounds "9"]
[EventCountry "ESP"]
[SourceTitle "EXT 2016"]
[Source "ChessBase"]
[SourceDate "2015.10.08"]
[SourceVersion "1"]
[SourceVersionDate "2015.10.08"]
[SourceQuality "1"]

1. d4 Nf6 2. c4 e6 3. Nc3 Bb4 4. Bd2 b6 5. Nf3 Bb7 6. e3 0-0 7. Bd3 a5 8. 0-0 Re8 9. Re1 Bxc3 10. Bxc3 Ne4 11. Rc1 Nxc3 12. Rxc3 f5 13. Qe2 Be4 14. Rec1 Bxd3 15. Qxd3 d6 16. c5 Na6 17. cxb6 cxb6 18. Qb5 Nb4 19. Qc4 Rb8 20. a3 b5 21. Qb3 Nd5 22. Rc6 Qd7 23. Qd3 Rb6 24. Rxb6 Nxb6 25. Qc3 Rc8 26. Qd2 a4 27. Rxc8+ Qxc8 28. h3 Nc4 29. Qb4 Qd7 30. Nd2 Nxd2 31. Qxd2 Qc6 32. Qb4 h6 33. g3 Kf8 34. h4 Ke7 35. Kf1 g5 36. hxg5 hxg5 37. Ke2 g4 38. Qc3 Kd7 39. Qxc6+ Kxc6 40. Kd3 Kd5 41. Kc3 Ke4 42. Kb4 Kf3 43. Kxb5 Kxf2 44. Kxa4 Kxg3 45. b4 Kf2 46. b5 g3 47. b6 g2 48. b7 g1Q 49. b8Q Qd1+ 50. Ka5 Kxe3 51. Qxd6 Qxd4 52. Qxe6+ Qe4 53. Qb6+ Qd4 54. Qe6+ Kf4 55. a4 Qe5+ 56. Qxe5+ Kxe5 57. Kb6 f4 58. a5 1/2-1/2

[Event "Madrid San Viator op 24th"]
[Site "Madrid"]
[Date "2015.03.29"]
[Round "2"]
[White "Ortega Palacios, Alejandro"]
[Black "Del Noval Nemeshazi, Mario"]
[Result "1-0"]
[WhiteElo "1524"]
[BlackElo "1275"]
[PlyCount "70"]
[EventDate "2015.03.22"]
[EventType "swiss"]
[EventRounds "9"]
[EventCountry "ESP"]
[SourceTitle "EXT 2016"]
[Source "ChessBase"]
[SourceDate "2015.10.08"]
[SourceVersion "1"]
[SourceVersionDate "2015.10.08"]
[SourceQuality "1"]

1. e4 e6 2. d4 d5 3. exd5 exd5 4. Bd3 Bd6 5. Ne2 Be6 6. Bf4 c5 7. Bxd6 Qxd6 8. dxc5 Qxc5 9. 0-0 Nf6 10. Nd2 Qc7 11. Nf3 0-0 12. Ned4 Rd8 13. c3 Nc6 14. Qc2 Nxd4 15. Nxd4 Ng4 16. Bxh7+ Kh8 17. g3 g6 18. Bxg6 fxg6 19. Nxe6 Qh7 20. h4 Re8 21. Rfe1 Qf7 22. Nf4 Rxe1+ 23. Rxe1 Re8 24. Rxe8+ Qxe8 25. Nxg6+ Kg7 26. Nf4 a5 27. Nxd5 Qe5 28. Nf4 a4 29. Qg6+ Kf8 30. Qxg4 Qe1+ 31. Kg2 Qe4+ 32. Qf3 Qc2 33. Nd5+ Ke8 34. Nf6+ Kf7 35. Nh5+ Ke6 1-0

[Event "Madrid San Viator op 22nd"]
[Site "Madrid"]
[Date "2014.05.11"]
[Round "6"]
[White "Ortega Palacios, Alejandro"]
[Black "Trapero Bueno, Vicente"]
[Result "1-0"]
[WhiteElo "1467"]
[BlackElo "1188"]
[PlyCount "105"]
[EventDate "2014.03.23"]
[EventType "swiss"]
[EventRounds "9"]
[EventCountry "ESP"]
[SourceTitle "EXT 2015"]
[Source "ChessBase"]
[SourceDate "2014.11.20"]
[SourceVersion "1"]
[SourceVersionDate "2014.11.20"]
[SourceQuality "1"]

1. e4 c5 2. Nf3 e6 3. d4 cxd4 4. Nxd4 a6 5. Nc3 Qc7 6. Bd3 Nf6 7. Qf3 Be7 8. Nde2 d6 9. Bg5 Nbd7 10. 0-0 0-0 11. Rfe1 Rb8 12. a4 b6 13. Ng3 Ne5 14. Qe2 Nxd3 15. Qxd3 Bb7 16. Rad1 Rfd8 17. Bf4 Rbc8 18. Rd2 Qc6 19. f3 h6 20. Red1 Nd7 21. Nge2 Ne5 22. Qd4 Bf6 23. Qb4 Be7 24. Qb3 Qc5+ 25. Nd4 Ng6 26. Be3 e5 27. Nf5 Qc4 28. Qxc4 Rxc4 29. Bxb6 Bg5 30. Rxd6 Rxd6 31. Rxd6 Kh7 32. Rd7 Bc8 33. Rxf7 Bxf5 34. Rxf5 Rb4 35. Nd5 Rxb2 36. c3 Rb1+ 37. Kf2 Rb2+ 38. Kg3 Bh4+ 39. Kh3 Bg5 40. c4 Nf4+ 41. Nxf4 Rxb6 42. Nd5 Rc6 43. Rxe5 Rxc4 44. Nb6 Rb4 45. a5 Bd8 46. Re6 Bxb6 47. Rxb6 Ra4 48. Rxa6 Kg8 49. Ra8+ Kf7 50. a6 Ke7 51. a7 Kd7 52. Rg8 g5 53. a8Q 1-0

[Event "Madrid San Viator op 22nd"]
[Site "Madrid"]
[Date "2014.04.27"]
[Round "5"]
[White "Andres Rodriguez, Florencio"]
[Black "Ortega Palacios, Alejandro"]
[Result "1-0"]
[WhiteElo "1588"]
[BlackElo "1467"]
[PlyCount "151"]
[EventDate "2014.03.23"]
[EventType "swiss"]
[EventRounds "9"]
[EventCountry "ESP"]
[SourceTitle "EXT 2015"]
[Source "ChessBase"]
[SourceDate "2014.11.20"]
[SourceVersion "1"]
[SourceVersionDate "2014.11.20"]
[SourceQuality "1"]

1. d4 d5 2. c4 Nf6 3. Nc3 c6 4. Qc2 e6 5. e4 Bb4 6. e5 Nfd7 7. a3 Be7 8. Nf3 Nb6 9. c5 N6d7 10. Bd3 h6 11. 0-0 b6 12. b4 Ba6 13. a4 Bxd3 14. Qxd3 bxc5 15. bxc5 0-0 16. Rb1 Qa5 17. Bd2 Qa6 18. Qxa6 Nxa6 19. Rb7 Rfd8 20. Rfb1 Bf8 21. Ne2 Rab8 22. Ba5 Naxc5 23. dxc5 Rxb7 24. Rxb7 Rb8 25. Rxb8 Nxb8 26. Bb4 Na6 27. Ba3 Nxc5 28. Ned4 Nxa4 29. Bxf8 Kxf8 30. Nxc6 a6 31. Nfd4 Ke8 32. Nb3 Kd7 33. Nb8+ Kc7 34. Nxa6+ Kb6 35. Nb4 Nb2 36. Nc2 Nd3 37. Ne3 Nxe5 38. Nd4 Kc5 39. Nb3+ Kb4 40. Nd2 Kc3 41. Nf3 Nxf3+ 42. gxf3 h5 43. Kf1 g5 44. Ke2 f5 45. Nd1+ Kd4 46. Nb2 f4 47. Nd3 e5 48. Ne1 e4 49. h3 Kc3 50. fxe4 dxe4 51. f3 e3 52. Ng2 Kd4 53. h4 g4 54. Nxf4 g3 55. Ng2 Ke5 56. Kxe3 Kf5 57. Kd4 Kf6 58. Ke4 Ke6 59. Kf4 Kf6 60. Kxg3 Ke5 61. Nf4 Kf6 62. Nxh5+ Kg6 63. Nf4+ Kh6 64. Kg4 Kh7 65. Ng2 Kg8 66. Kg5 Kf8 67. f4 Kg8 68. f5 Kf8 69. f6 Kg8 70. Kg6 Kf8 71. h5 Kg8 72. f7+ Kf8 73. h6 Ke7 74. h7 Kd6 75. h8Q Kc6 76. f8Q 1-0

[Event "Madrid San Viator op 22nd"]
[Site "Madrid"]
[Date "2014.03.30"]
[Round "2"]
[White "Apaza, Gabriela Erica"]
[Black "Ortega Palacios, Alejandro"]
[Result "1-0"]
[WhiteElo "1206"]
[BlackElo "1467"]
[PlyCount "84"]
[EventDate "2014.03.23"]
[EventType "swiss"]
[EventRounds "9"]
[EventCountry "ESP"]
[SourceTitle "EXT 2015"]
[Source "ChessBase"]
[SourceDate "2014.11.20"]
[SourceVersion "1"]
[SourceVersionDate "2014.11.20"]
[SourceQuality "1"]

1. d4 d5 2. Nf3 Nf6 3. e3 e6 4. Be2 Be7 5. 0-0 b6 6. c3 Ba6 7. Bxa6 Nxa6 8. Qa4+ Qd7 9. Qxa6 h5 10. Qe2 Ne4 11. Nbd2 Nxd2 12. Bxd2 g5 13. Rfd1 f6 14. e4 0-0-0 15. exd5 Qxd5 16. Re1 g4 17. Nh4 e5 18. Ng6 Rhe8 19. Nxe7+ Rxe7 20. Qe4 Qxe4 21. Rxe4 Rg8 22. dxe5 f5 23. Ree1 h4 24. Bf4 g3 25. f3 gxh2+ 26. Kxh2 Reg7 27. Rg1 Kd7 28. Rad1+ Ke6 29. b4 a6 30. a4 b5 31. a5 Ke7 32. Rde1 Ke6 33. Rc1 Kd5 34. g3 Rh7 35. g4 fxg4 36. Rxg4 Rxg4 37. fxg4 Ke4 38. Bg5 Kxe5 39. Kh3 Ke4 40. Bxh4 Kf4 41. Rf1+ Ke5 42. g5 Rg7 1-0